01551nam a2200277 450000100030000000300040000300500170000700800410002402000150006504000080008004100130008808200150010110000340011624000200015024500710017026000340024130000110027552008600028665000250114665000120117165000220118365000100120565000160121565500100123170000320124181OSt20250123134526.0250123b |||||||e |||| 00| 0 eng d a8525412228 bpor hengapor a813bB932n1 aBukowski, Charles,d1920-1994 aHot Water Music aNuma Fria /cBukowski, Charles ; Tradução de Marcos Santarrita aRio grande do SulbL&PMc2003 a246 p. aCom seu estilo cru e minimalista característico, Charles Bukowski nos leva para um passeio pelo seu lado da cidade em Hot Water Music . Ele nos dá pequenas vinhetas de depravação e lascívia, pedaços pequenos do que é belo e grotesco. As histórias em Hot Water Music correm pelas piores partes da cidade — um quarto de motel fedendo a vômito, um apartamento decrépito que abriga um casal em constante discussão, um bar atendido por um esqueleto — e retratam as partes mais sombrias da existência humana. Bukowski fala de forma simples e profunda sobre o lado negro da classe trabalhadora sem fazer julgamentos. Na maneira como escreve sobre sexo, relacionamentos, escrita e embriaguez, Bukowski define o padrão para a arte irreverente — seu trabalho habita a parte mais vil da mente e o absurdo mais extremo do cotidiano. 0aLiteratura Americana 0aSombrio 0aHistorias curtas  0aHumor 0aClássicos 0aConto aMarcos SantarritaeTradutor